000 00654nam a2200277Ia 4500
005 20260324142941.0
008 008 260324s9999 xx 000 0 eng d
020 _a9781003555681
037 _aEBOOK
040 _aCRL
040 _beng
040 _cCRL
041 _2eng
041 _aeng
084 _qCRL
100 _aAlfred H. Shorter
_91213837
245 0 _aStudies on the History of Papermaking in Britain
260 _bTaylor and Francis
260 _c1993
365 _a
365 _b145
856 _uhttp://www.taylorfrancis.com/books/9781003555681
942 _cEBOOK
999 _c1818642
_d1818642